| 000 | 00537nam a2200181 a 4500 | ||
|---|---|---|---|
| 005 | 20220603063603.0 | ||
| 008 | 991125s1992 mx 000 0 spa u | ||
| 020 | _a9682943876 | ||
| 035 | _aUPN01000058340 | ||
| 049 | _aI | ||
| 050 | 4 |
_aPZ73 _bI3 |
|
| 100 | 1 | _aIbargüengoitia, Maite | |
| 245 | 1 | 0 |
_aA ver que hacemos : _bmientras llega mi mamá / _cMaite Ibargüengoitia ; il. de Josefina Temin. |
| 260 |
_aMéxico : _bSamara : _bSEP, _c1992. |
||
| 300 |
_a30 p. : _bil. col. |
||
| 650 | 4 |
_aCuentos infantiles _96744 |
|
| 905 | _aInfantil | ||
| 999 |
_c58340 _d58340 |
||